00549nam a2200193 a 4500001001300000003000900013005001700022008004100039020001100080082002000091100002000111245004200131260003700173300000900210500003500219505004100254650004000295700002000335nice12345678IN_TiNIC20260116012052.0050524s1966 lona grp 000 0 eng  ac19.500a332.491761bFUL aFuller & Rice,  aChristianity and the Affluent Society aLondonbHodder & Stoughtonc1966 a191p aincludes index and biblioraphy2 aIndex of Subject and Index of Author aMoney-Religious Aspects-Christianit1 aFuller & Rice,